|
|
|
|
| LEADER |
01843nam a2200493 4500 |
| 001 |
ocn959290565 |
| 003 |
OCoLC |
| 005 |
20180501122033.0 |
| 006 |
m o d |
| 007 |
cr cnu---unuuu |
| 008 |
160927s2016 mau o 001 0 eng d |
| 040 |
|
|
|a OPELS
|b eng
|e rda
|e pn
|c OPELS
|d OCLCF
|d N$T
|d IDEBK
|d UPM
|d OTZ
|d OCLCQ
|d D6H
|d GrThAP
|
| 020 |
|
|
|a 9780128048382
|q (electronic bk.)
|
| 020 |
|
|
|a 0128048387
|q (electronic bk.)
|
| 020 |
|
|
|a 9780128046876
|q (print)
|
| 035 |
|
|
|a (OCoLC)959290565
|
| 050 |
|
4 |
|a RB40
|
| 072 |
|
7 |
|a HEA
|x 039000
|2 bisacsh
|
| 072 |
|
7 |
|a MED
|x 014000
|2 bisacsh
|
| 072 |
|
7 |
|a MED
|x 022000
|2 bisacsh
|
| 072 |
|
7 |
|a MED
|x 112000
|2 bisacsh
|
| 072 |
|
7 |
|a MED
|x 045000
|2 bisacsh
|
| 082 |
0 |
4 |
|a 616.07/56
|2 23
|
| 049 |
|
|
|a TEFA
|
| 245 |
0 |
0 |
|a Advances in clinical chemistry.
|n Volume 76 /
|c edited by Gregory S. Makowski.
|
| 264 |
|
1 |
|a Cambridge, MA :
|b Academic Press is an imprint of Elsevier,
|c 2016.
|
| 300 |
|
|
|a 1 online resource.
|
| 336 |
|
|
|a text
|b txt
|2 rdacontent
|
| 337 |
|
|
|a computer
|b c
|2 rdamedia
|
| 338 |
|
|
|a online resource
|b cr
|2 rdacarrier
|
| 500 |
|
|
|a Includes index.
|
| 588 |
0 |
|
|a Online resource; title from PDF title page (ScienceDirect, viewed September 27, 2016).
|
| 588 |
0 |
|
|a Print version record.
|
| 650 |
|
0 |
|a Clinical chemistry.
|
| 650 |
|
7 |
|a Clinical chemistry.
|2 fast
|0 (OCoLC)fst00864330
|
| 650 |
|
7 |
|a HEALTH & FITNESS / Diseases / General
|2 bisacsh
|
| 650 |
|
7 |
|a MEDICAL / Clinical Medicine
|2 bisacsh
|
| 650 |
|
7 |
|a MEDICAL / Diseases
|2 bisacsh
|
| 650 |
|
7 |
|a MEDICAL / Evidence-Based Medicine
|2 bisacsh
|
| 650 |
|
7 |
|a MEDICAL / Internal Medicine
|2 bisacsh
|
| 655 |
|
4 |
|a Electronic books.
|
| 655 |
|
7 |
|a Electronic books.
|2 local
|
| 700 |
1 |
|
|a Makowski, Gregory S.
|q (Gregory Stephen),
|e editor.
|
| 856 |
4 |
0 |
|u https://www.sciencedirect.com/science/bookseries/00652423/76
|z Full Text via HEAL-Link
|